000 00509nam a2200193Ia 4500
008 151119s9999||||xx |||||||||||||| ||und||
082 _a891.461
082 _bGKKV28399
100 _aसावंत वसंत
245 _aसागरेश्वर
260 _a--
260 _b--
260 _c1918
600 _aसावंत वसंत
630 _aसागरेश्वर
700 _aसावंत वसंत
730 _aसागरेश्वर
942 _cBOOK
999 _c1080798
_d1080795